[Event "Amantea op-B 6th"]
[Site "Amantea"]
[Date "2008.09.06"]
[Round "7"]
[White "Grudina, Marco"]
[Black "Galasso, Luciano"]
[Result "1-0"]
[WhiteElo "1897"]
[BlackElo "1548"]
[PlyCount "123"]
[EventDate "2008.08.31"]
[EventType "swiss"]
[EventRounds "9"]
[EventCountry "ITA"]
[SourceTitle "CBM 126 Extra"]
[Source "ChessBase"]
[SourceDate "2008.11.05"]
[SourceVersion "1"]
[SourceVersionDate "2008.11.05"]
[SourceQuality "1"]

1. e4 d6 2. d4 Nf6 3. Nc3 c6 4. f4 Qa5 5. Bd3 e5 6. Nf3 Bg4 7. dxe5 dxe5 8. fxe5 Bxf3 9. Qxf3 Qxe5 10. Bf4 Qa5 11. Bd2 Nbd7 12. Nd5 Qd8 13. Nxf6+ Qxf6 14. Qxf6 Nxf6 15. Bc3 Be7 16. h3 0-0-0 17. 0-0-0 h6 18. Rhe1 Rhg8 19. Rf1 Rdf8 20. Rf5 Nh7 21. Bc4 Bf6 22. e5 Bg5+ 23. Kb1 g6 24. Rxf7 Rxf7 25. Bxf7 Rd8 26. Rxd8+ Kxd8 27. Bxg6 Nf8 28. Bf5 Ke8 29. Bb4 Nd7 30. Bxd7+ Kxd7 31. c4 Bf4 32. Bd6 Ke6 33. Kc2 Bxe5 34. Bxe5 Kxe5 35. Kd3 Kf4 36. Ke2 Kg3 37. Kf1 h5 38. b4 h4 39. a4 a5 40. bxa5 c5 41. Kg1 Kf4 42. Kf2 Ke4 43. g3 hxg3+ 44. Kxg3 Kd4 45. h4 Kxc4 46. h5 Kd3 47. h6 c4 48. h7 c3 49. h8Q c2 50. Qd8+ Kc3 51. Qc7+ Kd2 52. Qd6+ Kc1 53. Kf2 Kb2 54. Qd4+ Kb1 55. Qb4+ Ka2 56. Qc4+ Kb2 57. Qb4+ Ka2 58. Qd2 Kb2 59. Ke2 Kb1 60. Qb4+ Kc1 61. Kd3 Kd1 62. Qb3 1-0